000 00591nam a22001817a 4500
999 _c3182
_d3182
003 AR-CdUCM
008 190306b ||||| |||| 00| 0 spa d
040 _aMUNICIPALIDAD PROVINCIAL DEL CUSCO
_cBIBLIOTECA MUNICIPAL DEL CUSCO
082 _a082 /
_bH22
100 _aHarrison, Charles Yale
_910695
245 _aGracias a Dios por mi ataque cardiaco /
260 _aMéxico, D.F :
_bUnión Tip. Edit. Hispano Americana,
_c1962.
300 _a145 páginas ;
_c17 cm.
650 _aLiteratura y religión
_910696
650 _aEnfermedades
_95611
650 _aRelato
_9294
942 _2ddc
_cLIBROS